000 00512nam a2200181Ia 4500
008 090124s9999 xx 000 0 und d
082 _b46494
100 _aसाळुंखे आ. ह.
245 _a सहृदय योध्दा
250 _a1
260 _c2007
300 _a200
600 _aसाळुंखे आ. ह.
630 _a सहृदय योध्दा
700 _aसाळुंखे आ. ह.
730 _a सहृदय योध्दा
942 _cBOOK
999 _c112774
_d112774